Регионална библиотека "Любен Каравелов" - Русе

Архитектката от Ню Йорк (Запис номер 524956)

MARC детайли
000 -Лидер
Лидер 01129nam a2200301 a 4500
003 - Код на организацията, давaща контролен номер
Код на организацията, даваща контролен номер BLK
005 - Дата и час на последна редакция
Дата и час на последна редакция 20250802101752.0
007 - Фиксирано поле за физическо описани
Физическо описание ta
008 - Елементи от данни с фиксирана дължина
Елементи с фиксирана дължина 221104b bu |||||r|||| 00| | bu d
020 ## - Международен стандартен номер на книга ISBN
ISBN 9789543576524
040 ## - Източник на каталожния запис
Код на библиотеката BLK
041 ## - Код за език
Език Български
Език за КДБФ Български
080 ## - УДК
9 (RLIN) 235107
УДК текст Немска литература
УДК код 821.112.2
УДК – определител -31
УДК – код + определител 821.112.2-31
084 ## - Класификационен индекс по друга класификация
Авторски знак Ху - Х 93
100 ## - Редна дума - Автор
R(LIN) 496880
Автор Хуке, Петра
245 ## - Сведения за заглавието
Заглавие Архитектката от Ню Йорк
Авторска отговорност Петра Хуке; прев. Ваня Пенева
260 ## - Област на издателските данни
9 (RLIN) 210050
Място на издаване София
Име на издателя ЕМАС
Година на издаване 2024
Печатница Хасково : Полиграф юг
300 ## - Физическа характеристика
Брой страници 416 с.
Размер 20 см
380 ## - Жанр
Жанр Худож. лит.
490 ## - СЕРИИ (Колекции)
9 (RLIN) 458257
Серия Бунтарки
500 ## - Общи забележки
Обща забележка Ориг. загл. Die Architektin von New York / Petra Hucke
700 ## - Други автори (авторска отговорност)
Друг автор Пенева, Ваня Илиева
Дати, свързани с автора 1957-
Друга информация Преводач от немски, английски и руски език.
9 (RLIN) 363755
852 ## - Местоположение
Отдел Заемна - подръчен фонд
Систематично-азбучна сигнатура 821-31/Х 93 П
856 ## - Електронен адрес и достъп
Инструкция (цена за достъп) 0.00
Права за достъп disable
942 ## - АРТИКУЛИ
Вид на библиотечния документ Книги
Скрит в OPAC Не
Koha issues (borrowed), all copies 15
944 ## - СЪЗДАВАНЕ И РЕДАКЦИЯ на ЗАПИСА
Дата на регистрацията/редакция Моника Янева
Служител, извършил регистрацията/редакцията 30542
Номер на служител Русанова Ирена
944 ## - СЪЗДАВАНЕ И РЕДАКЦИЯ на ЗАПИСА
Създаване/Редакция Редакция
Дата на регистрацията/редакция 2025-01-16
Служител, извършил регистрацията/редакцията ГГГ
999 ## - СИСТЕМНИ КОНТРОЛНИ НОМЕРА
Koha biblionumber 524956
Koha biblioitemnumber 524956
Наличности
Код за отписване Код за изгубен артикул Източник на класификационната схема Код за повреда Код за отдаване Артикулен № Име на библиотеката - собственик Име на библиотеката, в която се намира в момента Статус (Текущо местоположение) Дата на вписване в системата Местоположение - отдел Цена в лева Инвентарен номер Систематично азбучна сигнатура Баркод Цена в евро Служебен тип на артикула
  Не е изгубен Universal Decimal Classification Не е повреден заемане за дома 958542 Регионална библиотека "Любен Каравелов" Русе Регионална библиотека "Любен Каравелов" Русе Заемна - подръчен фонд 2025-01-17 Заемна - подръчен фонд 15.33 120000917063 821-31/Х 93 П 120000917063 7.84 Книги
  Не е изгубен Universal Decimal Classification Не е повреден заемане за дома 958543 Регионална библиотека "Любен Каравелов" Русе Регионална библиотека "Любен Каравелов" Русе Заемна - подръчен фонд 2025-01-17 Заемна - подръчен фонд 15.33 120000917062 821-31/Х 93 П 120000917062 7.84 Книги
Vip Innovations Ltd, Rousse, Bulgaria 2025